000 00609nam a2200169 a 4500
001 000035447
005 20200930074341.0
008 111031s1925 sp ab 000 0 spa d
040 _aDO-SdBNP
_bspa
_cBNPHU
082 _axxxx
_bxxxx
100 1 _aPereyra, Carlos,
_d1871-1942
_961287
245 1 0 _aHistoria de la América española /
_cCarlos Pereyra.
260 _aMadrid, :
_bEditorial Saturnino Calleja,
_c1925.
300 _av. :
_bil., map. ;
_c22 cm.
590 _aPerteneció a la biblioteca personal de Juan Isidro Jimenes Grullón.
504 _aIncluye referencias bibliográficas al pie de las páginas
999 _c34938
_d34938